000 00696nam a2200181 a 4500
001 000038848
005 20201002031408.0
008 130430s1997 mx 000 0 spa d
020 _a9686502300
040 _aDO-SdBNP
_bspa
_cBNPHU
245 0 0 _aSituación de las mujeres y el VIH/SIDA en América Latina :
_buna agenda de investigación-acción /
_cBlanca Rico, Susan Vandale, Betania Allen y Ana Luisa Liguori, editoras.
260 _aMéxico :
_bInstituto Nacional de Salud Pública ,
_c1997.
300 _a188 p. : ;
_c22 cm.
700 1 _aRico, Blanca
_eed.
_952708
700 1 _aVandale, Susan
_eed.
_965131
700 1 _aAllen, Betania
_eed.
_965132
700 1 _aLiguori, Ana Luisa
_eed.
_965133
999 _c38338
_d38338